| 000 | 01255nam0a2200313 4500 | ||
|---|---|---|---|
| 001 | RU\NLR\BIBL_A\011216117 | ||
| 005 | 20250625215843.0 | ||
| 010 |
_a978-5-88017-109-5 _93000 |
||
| 021 |
_aRU _b2016-19541 _94343 |
||
| 035 | _a(NLR Aleph) 011216117 | ||
| 090 |
_a11997752 _c11997752 |
||
| 100 | _a20160920d2016 |||y0rusy50 ca | ||
| 101 | 0 | _achu | |
| 102 | _aRU | ||
| 105 | _aa w|||000yy | ||
| 200 | 1 | _aПентикостарион сиесть Пятидесятница. Триодь цветная | |
| 210 |
_aМосква _cИзд-во Московской Патриархии Русской Православной Церкви _d2016 |
||
| 215 |
_a613 с. славян. паг., [1] л. цв. ил. _cцв. ил. _d30 |
||
| 300 | _aЗагл. обл. и корешка: Триодь цветная | ||
| 300 | _aЗагл. на тит. л., обл. и текст на церковнославян. яз. | ||
| 512 | 1 | _aТриодь цветная | |
| 517 | 0 | _aПятидесятница | |
| 605 |
_aТриодь цветная _92582917 _3RU\NLR\AUTH\661526810 |
||
| 686 | 2 | _aЭ372.24-507.14 | |
| 942 | _cBOOK | ||
| 980 | _aNB | ||